São Paulo : urban development and employment /

Saved in:
Bibliographic Details
Main Author: Schaefer, Kalmann
Corporate Author: International Labour Office
Other Authors: Spindel, Cheywa R. (joint author.)
Format: Book
Language:English
Published: Geneva : International Labour Office, 1976.
Subjects:
LEADER 01333nam a2200349 i 4500
001 c000377953
003 CARM
005 20211209114853.0
008 760910s1976 sz bs i00010 eng
015 |a Sw*** 
019 1 |a 785226  |5 LACONCORD2021 
020 |a 9221014169 
020 |a 9221014150 (pbk.) 
035 |a (OCoLC)2507309  |5 LACONCORD2021 
040 |a VCAV  |c VCAV 
043 |a s-bl--- 
050 0 0 |a HD5755.S2  |b S3 
082 0 0 |a 330.9/81/6 
100 1 |a Schaefer, Kalmann. 
245 1 0 |a São Paulo :  |b urban development and employment /  |c Kalmann Schaefer, assisted by Cheywa R. Spindel. 
260 |a Geneva :  |b International Labour Office,  |c 1976. 
300 |a viii, 106 p. ;  |c 24 cm. 
500 |a "A WEP study." 
504 |a Includes bibliographical references. 
650 0 |a Labor supply  |z Brazil  |z São Paulo metropolitan area. 
650 0 |a Full employment policies  |z Brazil  |z Sao Paulo Metropolitan Area. 
651 0 |a São Paulo Metropolitan Area (Brazil)  |x Economic conditions. 
700 1 |a Spindel, Cheywa R.  |e joint author. 
710 2 |a International Labour Office. 
852 8 |b CARM  |h A1:AL35E0  |i C10583  |p 0466298  |f BK 
999 f f |i 9607871a-0a40-5bab-a56f-3b4392260ea3  |s d4456d4e-9875-50fb-8ba8-2a7d924b7cd9 
952 f f |p Can circulate  |a CAVAL  |b CAVAL  |c CAVAL  |d CARM 1 Store  |e C10583  |f A1:AL35E0  |h Other scheme  |i book  |m 0466298